00720 a2200157 4500003000500000005001700005040000900022082001200031100002500043245002400068260003200092300000900124505039200133600002400525650001300549Nust20230222112338.0 cNust a515,SOK aSokolnikoff, Ivan S. aAdvanced calculus / aNew YorkbMcGraw Hillc1939 a445p aLimits and Continuity (Page-1), Derivatives and Differentials (Page-41), Functions of Several Variables (Page-58), Definite Integrals (Page-99), Multiple Integrals (Page-130), Line Integrals (Page-174), Infinite Series (Page-209), Power Series (Page-267), Applications of Power Series (Page-291), Improper Integrals (Page-335), Fourier Series (Page-378), Implicit Functions (Page-415).  aIvan S. Sokolnikoff aCalculus